| 000 | 00676nam a2200217 u 4500 | ||
|---|---|---|---|
| 005 | 20240902063642.0 | ||
| 008 | 150519s2007 es r 000 0 spa d | ||
| 020 | _a9788479010911 | ||
| 035 | _aUPN01000203579 | ||
| 049 | _aI | ||
| 050 | 4 |
_aBF431.3 _bP6.4 |
|
| 100 | 1 |
_aPoniachik, Jaime, _d1943-2011 _937677 |
|
| 245 | 1 | 0 |
_aInteligencia instantánea : _b101 desafĂos para entrenar su inteligencia / _cJaime Poniachik. |
| 260 |
_aBarcelona, Esp. : _bBolsillo, _cc2007. |
||
| 300 |
_a95 p. : _bil. |
||
| 440 | 0 | _aJuegos | |
| 650 | 4 |
_aINTELIGENCIA - _vPROBLEMAS, EJERCICIOS, ETC. _98358 |
|
| 650 | 2 |
_aDesarrollo intelectual _99159 |
|
| 905 | _aInfantil | ||
| 999 |
_c175680 _d175680 |
||